EN - DE - Statistics

General Stats
  • This quiz has been taken 12 times
  • The average score is 36 of 78
Answer Stats
Hint Answer % Correct
athletic athletisch
100%
dialect dialekt
100%
simple einfach
100%
paint farbe
100%
identity identität
100%
to ignore ignorieren
100%
tie krawatte
100%
instructor lehrer
100%
liberal liberal
100%
metaphor metapher
100%
mysterious mysteriös
100%
original originell
100%
patriotic patriotisch
100%
perspective perspektive
100%
poet poet/in
100%
to reflect reflektieren
100%
routine routine
100%
weak schwach
100%
gay schwul
100%
search engine suchmaschine
100%
simile vergleich
100%
to picture vorstellen
100%
circa zirka
100%
African-American afroamerikaner
50%
aggressive aggresiv
50%
particularly besonders
50%
blazer blazer
50%
ambitious ehrgeizig
50%
somewhat etwas
50%
owl eule
50%
hairstyle frisur
50%
painfully furchtbar
50%
hawk habicht
50%
straight hetero
50%
in their late teens im späten teenageralter
50%
denim jeansstoff
50%
hood kapuze
50%
conservative konservativ
50%
conventional konventionell
50%
headphones kopfhorer
50%
thoughtful nachdenklich
50%
obvious offensichtlich
50%
pain schmerzen
50%
dove taube
50%
nor do i want to... und ich will auch nicht
50%
space weltraum
50%
desire wunsch
50%
reliable zuverlässig
50%
to wink zwinkern
50%
to be considered als etwas betrachtet werden
0%
be dressed angezogen sein
0%
to appeal to ansprechen
0%
type of art
0%
branch ast
0%
suggest auf etwas hindeuten
0%
to influence beeinflussen
0%
imagery bildhafte sprache
0%
to make sb. do dazu bringen
0%
upbringing erziehung
0%
to consider etwas bedenken
0%
to value etwas schätzen
0%
unlike im gegensatz zu
0%
headscarf kopftuch
0%
kinky kraus
0%
casually leger
0%
passionate leidenschaftlich
0%
curl locke
0%
curly lockig
0%
device mittel
0%
musical musikalisch
0%
to modify näher bestimmen
0%
dreadlocks rasta-locken
0%
gentle sanft
0%
record schallplatte
0%
yet trotzdem
0%
to prefer vorziehen
0%
alarm wecker
0%
to cope zurechtkommen
0%
No matching quizzes found
Score Distribution
Percent of People with Each Score
Percentile by Number Answered
Your Score History
You have not taken this quiz